header

Trichoderma and Gliocladium (Record no. 64029)

MARC details
000 -LEADER
fixed length control field 01496nam a2200373Ia 4500
082 04 - DEWEY DECIMAL CLASSIFICATION NUMBER
Classification number 579.5/677
245 00 - TITLE STATEMENT
Title Trichoderma and Gliocladium
260 ## - PUBLICATION, DISTRIBUTION, ETC. (IMPRINT)
Place of publication London ;
-- Bristol, PA :
Name of publisher Taylor & Francis,
Year of publication c1998.
300 ## - PHYSICAL DESCRIPTION
Number of Pages xiii, 278 p. :
Other physical details ill.
650 #0 - SUBJECT ADDED ENTRY--TOPICAL TERM
Topical Term Trichoderma.
Topical Term Gliocladium.
Topical Term Trichoderma
Topical Term Gliocladium
Topical Term Fungi as biological pest control agents.
700 1# - ADDED ENTRY--PERSONAL NAME
Personal name Kubicek, C. P.
Personal name Harman, Gary E.
856 40 - ELECTRONIC LOCATION AND ACCESS
Uniform Resource Identifier http://site.ebrary.com/lib/rucke/Doc?id=10054805

No items available.

© 2026 Rongo University
Contact us: librarian | system librarian | Rongo university